Znaki Zodiaku - Statystyki

Ogólne statystyki
  • Ten quiz został rozwiązany 1 062 razy
  • Średni wynik to 10 z 12
Statystyki odpowiedzi
Daty Znak Zodiaku % Poprawnych
20 kwietnia – 20 maja Byk
89%
23 sierpnia – 22 września Panna
89%
20 stycznia – 18 lutego Wodnik
88%
21 maja – 20 czerwca Bliźnięta
86%
22 grudnia – 19 stycznia Koziorożec
86%
23 lipca – 22 sierpnia Lew
85%
21 czerwca – 22 lipca Rak
85%
23 września – 22 października Waga
84%
21 marca – 19 kwietnia Baran
81%
19 lutego – 20 marca Ryby
81%
23 października – 21 listopada Skorpion
80%
22 listopada – 21 grudnia Strzelec
79%
Nie znaleziono quizów pasujących do podanych kryteriów
Rozkład punktacji
Procent ludzi z każdym wynikiem
Percentyl według liczby udzielonych odpowiedzi
Twoja historia wyników
Nie rozwiązałeś tego quizu